| 000 | 00914nas a2200313 4500 | ||
|---|---|---|---|
| 001 | BR0702630 | ||
| 003 | BR-BrBNA | ||
| 005 | 20231205110816.0 | ||
| 007 | ta | ||
| 008 | 230509b bl.|||p| |||| 00| 00por d | ||
| 040 |
_aBR-BrBNA _bpor _cBiblioteca Nacional de Agricultura |
||
| 041 | _a(Pt) | ||
| 072 | _aL73 | ||
| 100 | 1 | _aAguiar, D.M. | |
| 100 | 1 | _aSaito, T.B. | |
| 100 | 1 | _aHagiwar, M.K. | |
| 100 | 1 | _aMachado, R.Z. | |
| 100 | 1 | _aLabruna, M.B. | |
| 245 | 1 | _aDiagnóstico sorológico de erliquiose canina com antígeno brasileiro de Ehrlichia canis | |
| 650 | _aCÃO | ||
| 650 | _aERLIQUIOSE | ||
| 650 | _aBACTÉRIA | ||
| 650 | _aANÁLISE DE LABORATÓRIO | ||
| 650 | _aDIAGNÓSTICO | ||
| 650 | _aIMUNOFLUORESCÊNCIA | ||
| 773 | 0 |
_tCiência Rural (Brazil) _xISSN 0103-8478 _g(May-Jun 2007), v. 37(3) p. 796-802 _wBR0702630 |
|
| 909 |
_a202311 _bLúcia _c55 _dLúcia Elande |
||
| 942 |
_2AGRIS _n0 _cANA |
||
| 999 |
_c189169 _d189169 |
||